00334nam a2200121Ia 4500008004100000041000800041082001500049100001900064245004500083260004100128300003200169365001100201240624s9999 xx 000 0 und d aeng a006.32 ZUR aZURADA JACEK M aINTRODUCTION TO ARTIFICIAL NEURAL SYSTEM c2006aMumbaibJaico Publishing House axxiv, : 119 : p. : cm. ; 24 cRSb30